ethnics in the netherlands - Statistics

General Stats
  • This quiz has been taken 837 times
  • The average score is 29 of 42
Answer Stats
amount of ethnics country % Correct
112600 belgium
93%
379559 germany
93%
77550 uk
92%
32423 usa
91%
36112 france
90%
378330 turkey
90%
44392 russia+former USSR states
88%
384497 indonesia
87%
32405 spain
87%
50377 china
86%
68844 poland
85%
38355 italy
84%
341528 morocco
84%
13744 canada
81%
19297 india
80%
19950 portugal
80%
338678 suriname
78%
16035 brazil
76%
13888 greece
74%
78035 former yugoslavia
73%
16739 south africa
73%
14762 australia
72%
49202 iraq
72%
19976 egypt
71%
30613 iran
71%
15548 austria
70%
13036 romania
70%
18579 pakistan
67%
12755 bulgaria
64%
12977 czech republic+slovakia
63%
14464 hungary
60%
18913 vietnam
59%
37709 afghanistan
57%
15083 thailand
56%
21798 somalia
54%
10946 ethiopia
48%
11582 colombia
47%
19733 ghana
38%
15363 philippines
35%
10009 sri lanka
35%
20669 cape verde
12%
11069 dominican republic
10%
No matching quizzes found
Score Distribution
Percent of People with Each Score
Percentile by Number Answered
Your Score History
You have not taken this quiz